| 000 | 00412nam a22001697a 4500 | ||
|---|---|---|---|
| 003 | MACL | ||
| 005 | 20160114155132.0 | ||
| 008 | 160114b xxu||||| |||| 00| 0 eng d | ||
| 040 | _cMACL | ||
| 041 | _aEnglish | ||
| 082 | _a741.642 | ||
| 100 |
_aJoshi,Dinesh _919605 |
||
| 245 | _aImmunizations Saving Lives | ||
| 260 |
_aDelhi _bKids Knowledge Bank _c2011 |
||
| 650 |
_aChildren Book _932320 |
||
| 942 |
_2ddc _cBK |
||
| 999 |
_c52271 _d52271 |
||